Statistiken für Weltklimagipfel - Gastgeber

Klicken Sie hier um das Quiz zu spielen!

Allgemein

  • Dieses Quiz wurde 27 mal gespielt
    (6 seit der letzten Aktualisierung)
  • Das Durchschnittsergebnis liegt bei 11 aus 30

Antwortstatistiken

JahrAusgabeVeranstaltungsort% Korrekt
1995COP1Berlin
100%
2019COP25Madrid
100%
2021COP26Glasgow
75%
2009COP15Kopenhagen
75%
2003COP9Mailand
75%
2015COP21Paris
75%
1999COP5Bonn
50%
2001COP6.2Bonn
50%
2017COP23Bonn/ Fidschi
50%
2000COP6.1Den Haag
50%
2012COP18Doha
50%
2023COP28Dubai
50%
2005COP11Montreal
50%
2013COP19Warschau
50%
2004COP10Buenos Aires
25%
1998COP4Buenos Aires
25%
1996COP2Genf
25%
2018COP24Katowice
25%
2014COP20Lima
25%
2006COP12Nairobi
25%
2002COP8Neu-Delhi
25%
2024COP29Baku
0%
2007COP13Bali
0%
2010COP16Cancun
0%
2011COP17Durban
0%
1997COP3Kyoto
0%
2016COP22Marrakesch
0%
2001COP7Marrakesch
0%
2008COP14Posen
0%
2022COP27Scharm asch-Schaich
0%

Verteilung der Resultate

Perzentil nach korrekt beantworteten Fragen

Anzahl Personen mit jedem Resultat

Ihre Resultats-Entwicklung

Sie haben dieses Quiz seit der letzten Aktualisierung nicht gespielt